000 00543nam a22001577a 4500
005 20251108164137.0
008 250721s1999 xx 000 0 ara d
082 1 4 _a796.812/بكر
100 1 _aأبو بكر، أحمد
245 1 0 _aالطريق إلى البطولة في موسوعة (الووشو) :
_bالكونغ فو الساندا و الأساليب الدولية /
264 1 _aالقاهرة :
_bمركز الكتاب،
_c1999.
300 _a183ص
650 1 7 _aألعاب المبارزة
942 _2ddc
_cBK
999 _c4739
_d4739